Kontrol'nyje karty

Gespeichert in:
Bibliographische Detailangaben
1. Verfasser: Mudroch, J.
Weitere Verfasser: Fatejev, S.A
Format: Buch
Sprache:Russisch
Veröffentlicht: Moskva Finansy i statistika 1986
Ausgabe:1. izd.
Tags: Tag hinzufügen
Keine Tags, Fügen Sie das erste Tag hinzu!

MARC

LEADER 00000nam a2200000 4500
001 c027941
005 20221220073854.4
041 0 |a rus 
044 |a RU 
245 1 0 |a Kontrol'nyje karty  |c J. Mudroch ; [Z angl. prel.] S.A. Fatejev 
250 |a 1. izd. 
264 1 |a Moskva  |b Finansy i statistika  |c 1986 
300 |a 150 s. 
100 1 |a Mudroch, J. 
700 1 |a Fatejev, S.A.